The secrets of successful business letters

Bibliographic Details
Main Author: Goodworth, Clive T. (Author)
Format: Book
Published: London : Heinmann , 1986
Subjects:

MARC

LEADER 00000cam a2200000 7i4500
001 0000002473
005 20170208093000.0
008 021118s1986
020 |a 0434906840 
090 0 0 |a HF5719   |b .G66 1986 
100 0 |a Goodworth, Clive T. ,   |e author 
245 1 4 |a The secrets of successful business letters   |c Clive Goodworth 
260 2 |a London :   |b Heinmann ,   |c 1986 
300 |a 204 p. ;   |c 22 cm. 
504 |a Includes index 
650 0 |a Business report writing 
650 0 |a Commercial correspondence 
999 |a 1000013598   |b Book   |c OPEN SHELF (30 DAYS)   |e Gong Badak Campus